000 00468nam a22001817a 4500
003 koha_MIRAKIL
005 20231213065355.0
008 231213b |||||||| |||| 00| 0 ||| d
020 _b9-75100755-0
040 _aTR-IsEVY
_btur
_cTR-IsEVY
082 _a750 ÇAĞ/R
100 _aÇAĞLARCA, SADETTİN.
245 0 _aRESİM KOLAY ÇİZİM YOLLARI GÖRSEL EĞİTİM.
260 _bİNKILAP,
_c1998
300 _a96.
650 _aResim Sanatı.
942 _2ddc
_cBK
999 _c2556
_d2556